Statistics for NBA true or false

Click here to take the quiz!

General Stats

  • This quiz has been taken 193 times
  • The average score is 13 of 23

Answer Stats

QuestionAnswer% Correct
Shaquille O’Neal never made a 3 pointer in his careerFalse
86%
Kobe Bryant was drafted by Charlotte HornetsTrue
86%
Michael Jordan was drafted 1st to the Chicago ballsFalse
84%
Hakeem Olajuwon is the only NBA player to have a quadruple-doubleFalse
82%
Karl Malone had 7 kids with none making the NBATrue
70%
John Stockton holds the record for the most 82 games season in a careerTrue
68%
Pete Maravich currently hold the college NCAA career scoring recordTrue
68%
Moses Malone holds the record for the most offensive rebounds in a seasonTrue
67%
Elgin Baylor Retired never winning a championship, in his last season he played in 9 games before retiring in that season the team went on to win the championshipTrue
64%
Wilt Chamberlain didn’t win the MVP in the year he average 50.4PPGTrue
62%
Magic Johnson had a winning coaching recordFalse
61%
Kevin Gernett retired as a member of the Minnesota TimberwolvesTrue
57%
Kareem Abdul-Jabbar won the defensive player of the year in 1973False
48%
Bill Russell did not make the final in 1967 due to be eliminated by PhiladelphiaTrue
48%
Tim Duncan holds the record for the most playoffs game playedFalse
46%
Dirk Nowitzki was not drafted by the Dallas MavericksFalse
43%
Oscar Robinson didn’t win the MVP in the year he average a triple doubleTrue
43%
LeBron James holds the record for playoff buzzer beatersTrue
43%
Larry Bird has the most 50-40-90 seasonFalse
42%
Allen Iversen made it to the finals as an 8 seedFalse
41%
Julius Erving scored more points in the ABA then the NBAFalse
24%
Jerry west won 2 finals MVP’s One of which was on a losing teamFalse
21%
Charles Barkley was taller than Scottie PippenTrue
21%

Score Distribution

Percentile by Number Answered

Percent of People with Each Score

Your Score History

You have not taken this quiz